000 00865nam a22002537a 4500
999 _c4175
_d4175
003 AR-CdUCM
008 190308b ||||| |||| 00| 0 spa d
040 _aMUNICIPALIDAD PROVINCIAL DEL CUSCO
_cBIBLIOTECA MUNICIPAL DEL CUSCO
041 _hfre
082 _a796. 9 /
_bG45
100 _aGillet, Bernard
_913225
245 _aHistoria del deporte /
260 _aBarcelona :
_bOikos-tau S.A.,
_c1971.
300 _a126 páginas ;
_c17 cm.
440 _a¿Qué sé?
_n : 30
_913226
505 _aContenido: Aparición del deporte -- Grecia -- La edad media -- Alemania -- Gran Bretaña ...
650 _aHistoria del deporte
_913227
650 _aDeporte - Grecia
_913228
650 _aDeporte - Edad media
_913229
650 _aDeporte - Conceptos
_913230
700 _aLamarca, Maria Dolors (Traductora)
_913231
942 _2ddc
_cLIBROS
945 _alccs